000 003250000a22001090004500
090 _aAS
_bSeriadas
245 1 0 _aEstudio biometrico sobre Peneroplis (<Foraminifero>)
041 0 _aEspañol
100 1 _aParada Ruffinatti, Carmen
_921782
942 _cARTICULO
773 1 _tLozania: Acta Zoológica Colombiana
_3375
_h53
_q1-16
_d1985
999 _c15197
_d15197